|
|
|
|
| LEADER |
00000nam0a2200000 4500 |
| 001 |
330275 |
| 005 |
20231102004238.0 |
| 035 |
|
|
|a (RuTPU)RU\TPU\book\356049
|
| 090 |
|
|
|a 330275
|
| 100 |
|
|
|a 20170331d1961 km y0rusy50 ca
|
| 101 |
0 |
|
|a rus
|
| 102 |
|
|
|a RU
|
| 105 |
|
|
|a a z 001zy
|
| 200 |
1 |
|
|a Машины для правки проката
|f Ю. Л. Семененко
|
| 210 |
|
|
|a Москва
|c Металлургиздат
|d 1961
|
| 215 |
|
|
|a 209 с.
|c ил.
|
| 320 |
|
|
|a Библиогр.: с. 207-208
|
| 606 |
1 |
|
|a Правка
|x Рихтовка
|2 stltpush
|3 (RuTPU)RU\TPU\subj\51076
|9 69688
|
| 610 |
1 |
|
|a правильные машины
|
| 610 |
1 |
|
|a прокат
|
| 610 |
1 |
|
|a конструкции
|
| 610 |
1 |
|
|a расчет
|
| 610 |
1 |
|
|a изгиб
|
| 610 |
1 |
|
|a растяжение
|
| 610 |
1 |
|
|a прессы
|
| 610 |
1 |
|
|a параметры
|
| 610 |
1 |
|
|a металлургическое производство
|
| 675 |
|
|
|a 621.982
|v 4
|
| 700 |
|
1 |
|a Семененко
|b Ю. Л.
|g Юрий Лукич
|
| 801 |
|
1 |
|a RU
|b 63413507
|c 20170331
|
| 801 |
|
2 |
|a RU
|b 63413507
|c 20190212
|g RCR
|
| 942 |
|
|
|c BK
|